000 00513nam a2200145Ia 4500
008 140724s9999 xx 000 0 und d
050 _aP 93.5
_b.L788 2012
100 _aLiyama, Marjorie S.
245 _aPinoy wellness, an internet show on the health consciousness of Filipino people /
_cMarjorie S. Liyama.
260 _aLas PiƱas, Philippines :
_bSouthville International School and Colleges,
_cc2012.
300 _a50 p. :
_bill. ;
_c28 cm.
521 _aMass Communication
942 _cTH
999 _c229182
_d229182